| 000 -LEADER |
| fixed length control field |
01853nam a22005177a 4500 |
| 001 - CONTROL NUMBER |
| control field |
12319840 |
| 003 - CONTROL NUMBER IDENTIFIER |
| control field |
LIBRIS |
| 005 - DATE AND TIME OF LATEST TRANSACTION |
| control field |
20210414110045.0 |
| 008 - FIXED-LENGTH DATA ELEMENTS--GENERAL INFORMATION |
| fixed length control field |
111004s1999 cauab b s001 0 eng |
| 010 ## - LIBRARY OF CONGRESS CONTROL NUMBER |
| LC control number |
98031330 |
| 015 ## - NATIONAL BIBLIOGRAPHY NUMBER |
| National bibliography number |
GBA0-08102 |
| 016 7# - NATIONAL BIBLIOGRAPHIC AGENCY CONTROL NUMBER |
| Record control number |
008751603 |
| Source |
Uk |
| 020 ## - INTERNATIONAL STANDARD BOOK NUMBER |
| International Standard Book Number |
0520219295 |
| 020 ## - INTERNATIONAL STANDARD BOOK NUMBER |
| International Standard Book Number |
9780520219298 |
| 035 ## - SYSTEM CONTROL NUMBER |
| System control number |
(OCoLC)ocm39856013 |
| 040 ## - CATALOGING SOURCE |
| Original cataloging agency |
DLC |
| Language of cataloging |
eng |
| Transcribing agency |
DLC |
| Modifying agency |
C#P |
| -- |
UKM |
| -- |
OCLCQ |
| -- |
BAKER |
| -- |
NLGGC |
| -- |
BTCTA |
| -- |
YDXCP |
| -- |
OCLCQ |
| -- |
HEBIS |
| -- |
DEBBG |
| -- |
OCLCQ |
| -- |
UKMGB |
| -- |
H |
| 041 ## - LANGUAGE CODE |
| Language code of text/sound track or separate title |
eng |
| 043 ## - GEOGRAPHIC AREA CODE |
| Geographic area code |
a-gs--- |
| 050 00 - LIBRARY OF CONGRESS CALL NUMBER |
| Classification number |
TX723.4 |
| Item number |
.G65 1999 |
| 080 ## - UNIVERSAL DECIMAL CLASSIFICATION NUMBER |
| Universal Decimal Classification number |
641 |
| Item number |
G-60 |
| 082 00 - DEWEY DECIMAL CLASSIFICATION NUMBER |
| Classification number |
641.594758 |
| Edition number |
21 |
| 084 ## - OTHER CLASSIFICATION NUMBER |
| Classification number |
49.25 |
| Number source |
kssb/8 |
| 084 ## - OTHER CLASSIFICATION NUMBER |
| Classification number |
ZE 7700 |
| Number source |
rvk |
| 100 1# - MAIN ENTRY--PERSONAL NAME |
| Personal name |
Goldstein, Darra. |
| 245 14 - TITLE STATEMENT |
| Title |
The Georgian feast : |
| Remainder of title |
the vibrant culture and savory food of the Republic of Georgia / |
| Statement of responsibility, etc. |
Darra Goldstein ; paintings by Niko Pirosmani. |
| 260 ## - PUBLICATION, DISTRIBUTION, ETC. |
| Place of publication, distribution, etc. |
Berkeley |
| Name of publisher, distributor, etc. |
University of California Press |
| Date of publication, distribution, etc. |
1999. |
| 300 ## - PHYSICAL DESCRIPTION |
| Extent |
xxv, 229 p. |
| Other physical details |
ill., map |
| Dimensions |
24 cm. |
| 500 ## - GENERAL NOTE |
| General note |
Originally published: New York : HarperCollins, c1993. |
| 504 ## - BIBLIOGRAPHY, ETC. NOTE |
| Bibliography, etc. note |
Includes bibliographical references (p. 212-215) and index. |
| 650 #0 - SUBJECT ADDED ENTRY--TOPICAL TERM |
| Topical term or geographic name entry element |
Cooking, Georgian (South Caucasian) |
| 650 #0 - SUBJECT ADDED ENTRY--TOPICAL TERM |
| Topical term or geographic name entry element |
Culinary |
| 9 (RLIN) |
468 |
| 650 #0 - SUBJECT ADDED ENTRY--TOPICAL TERM |
| Topical term or geographic name entry element |
Cooking |
| Geographic subdivision |
Georgia (Republic) |
| 650 #0 - SUBJECT ADDED ENTRY--TOPICAL TERM |
| Topical term or geographic name entry element |
Food habits |
| Geographic subdivision |
Georgia (Republic) |
| 650 #0 - SUBJECT ADDED ENTRY--TOPICAL TERM |
| Topical term or geographic name entry element |
Cooking ; Food habits |
| General subdivision |
History ; Dinners and dining |
| -- |
History |
| 650 #0 - SUBJECT ADDED ENTRY--TOPICAL TERM |
| Topical term or geographic name entry element |
Cooking, Georgian (South Caucasian) |
| 650 #7 - SUBJECT ADDED ENTRY--TOPICAL TERM |
| Topical term or geographic name entry element |
Matkultur |
| Source of heading or term |
sao |
| Authority record control number or standard number |
153634 |
| 650 #7 - SUBJECT ADDED ENTRY--TOPICAL TERM |
| Topical term or geographic name entry element |
Georgisk matlagning |
| Source of heading or term |
sao |
| Authority record control number or standard number |
370961 |
| 651 #0 - SUBJECT ADDED ENTRY--GEOGRAPHIC NAME |
| Geographic name |
Georgia (Republic) |
| General subdivision |
Social life and customs. |
| 653 ## - INDEX TERM--UNCONTROLLED |
| Uncontrolled term |
კულინარია |
| 942 ## - ADDED ENTRY ELEMENTS (KOHA) |
| Source of classification or shelving scheme |
|
| Koha item type |
Books |